| 000 | 00742nam a2200217 i 4500 | ||
|---|---|---|---|
| 001 | 170678 | ||
| 003 | ES-MaACL | ||
| 005 | 20250808062735.0 | ||
| 008 | 090330s1954 sp |||| | spa d | ||
| 100 | 1 |
_aFernández Truyols, Andrés _950124 |
|
| 245 | 1 | 0 |
_aVida de nuestro Señor Jesucristo / _cpor Andrés Fernández Truyols. |
| 250 | _a2ª ed. | ||
| 260 |
_aMadrid : _b[La Editorial Católica], _c1954. |
||
| 300 |
_aXXXII, 760 p., [8] h. de mapas ; _c20 cm. |
||
| 490 | 1 |
_aBiblioteca de autores cristianos ; _v32 |
|
| 490 | 1 |
_aColéctanea Bíblica ; _v3 |
|
| 830 | 0 | 0 |
_aBiblioteca de autores cristianos _v32 _9178679 |
| 830 | 0 |
_aColéctanea Bíblica ; _v3 _9223064 |
|
| 852 |
_aES-MaACL _jJ-31 _9R.46092 |
||
| 999 |
_c170678 _d170678 |
||